[Event "OLNN 1819 SG Turm Kiel II - SK Marmstor"]
[Site "?"]
[Date "2018.11.25"]
[Round "3.4"]
[White "Boe, Mads"]
[Black "Mueller, Jan-Hendrik"]
[Result "1/2-1/2"]
[WhiteElo "2310"]
[BlackElo "2112"]
[PlyCount "121"]
[EventDate "2018.??.??"]

1. d4 Nf6 2. Nf3 d5 3. c4 e6 4. cxd5 exd5 5. Nc3 c6 6. Bg5 h6 7. Bh4 Be7 8. Qc2
g6 9. e3 Bf5 10. Bd3 Bxd3 11. Qxd3 Nbd7 12. O-O O-O 13. Bg3 Ne8 14. Rfe1 f5 15.
Ne2 Bd6 16. Nf4 Qf6 17. Qb3 Rb8 18. Nd3 Bxg3 19. hxg3 Nd6 20. Nfe5 Rbd8 21.
Rac1 g5 22. f3 Kg7 23. Rc2 h5 24. Rf2 Qe7 25. Qb4 Rde8 26. b3 Nxe5 27. dxe5 Nf7
28. Qd4 Kg6 29. e4 dxe4 30. fxe4 fxe4 31. Qxe4+ Kh6 32. Ref1 Nd8 33. Qd4 c5 34.
Nxc5 Rxf2 35. Qxf2 Qxe5 36. Nd7 Qe3 37. Nf6 Qxf2+ 38. Kxf2 Rf8 39. Ke2 Kg6 40.
Nd5 Rxf1 41. Kxf1 Kf5 42. Ke2 Nc6 43. Ke3 Ke5 44. Nc3 Nb4 45. Kd2 Nd5 46. Ne2
Ke4 47. Ng1 g4 48. Ne2 b6 49. a3 a6 50. b4 b5 51. Nc1 Ne3 52. Nb3 Nxg2 53. Ke2
h4 54. Nc5+ Kd4 55. gxh4 Nxh4 56. Nxa6 Nf5 57. Nc7 Kc4 58. Kf2 Nd4 59. Kg3 Nc2
60. Nxb5 Kxb5 61. Kxg4 1/2-1/2

[Event "OLNN 1819 SG Turm Kiel II - SK Marmstor"]
[Site "?"]
[Date "2018.11.25"]
[Round "3.5"]
[White "Hohlbein, Michael"]
[Black "Zeller, Joerg"]
[Result "1-0"]
[WhiteElo "2118"]
[BlackElo "2176"]
[PlyCount "47"]
[EventDate "2018.??.??"]

1. e4 c5 2. d4 cxd4 3. c3 dxc3 4. Nxc3 d6 5. Nf3 Nf6 6. Bc4 e6 7. e5 Nfd7 8.
exd6 a6 9. O-O Nb6 10. Bb3 Bxd6 11. Qe2 h6 12. Rd1 Qe7 13. Ne4 Bc7 14. Be3 N6d7
15. Rac1 Nc6 16. Nc5 Nf6 17. Nxa6 Rxa6 18. Bc5 Bxh2+ 19. Nxh2 Qc7 20. Bd6 Qb6
21. Ng4 Ra5 22. Ne5 Bd7 23. Nxd7 Nxd7 24. Bxe6 1-0

[Event "OLNN 1819 SG Turm Kiel II - SK Marmstor"]
[Site "?"]
[Date "2018.11.25"]
[Round "3.6"]
[White "Boehm, Thomas"]
[Black "Diekmann, Jens"]
[Result "1-0"]
[WhiteElo "2121"]
[BlackElo "2047"]
[PlyCount "97"]
[EventDate "2018.??.??"]

1. e4 c5 2. Nf3 Nc6 3. Bb5 g6 4. O-O Bg7 5. Re1 Nf6 6. e5 Nd5 7. Nc3 Nc7 8.
Bxc6 dxc6 9. Ne4 Ne6 10. d3 O-O 11. Be3 b6 12. Qd2 Nd4 13. Nxd4 cxd4 14. Bh6 f6
15. exf6 exf6 16. Bxg7 Kxg7 17. Re2 a5 18. Rae1 Bf5 19. Ng3 Qd5 20. Qf4 Ra7 21.
Nxf5+ gxf5 22. h4 b5 23. h5 Raf7 24. h6+ Kh8 25. Re8 Qd7 26. Qb8 Kg8 27. f4 a4
28. b4 axb3 29. axb3 c5 30. Kh2 c4 31. bxc4 bxc4 32. dxc4 d3 33. cxd3 Qxd3 34.
R1e7 Qa3 35. Rxf8+ Rxf8 36. Rg7+ Kh8 37. Qc7 Rf7 38. Rxh7+ Kxh7 39. Qxf7+ Kxh6
40. Qxf6+ Kh7 41. Qxf5+ Kg7 42. Qe5+ Kf7 43. f5 Qc1 44. Qe6+ Kf8 45. Qd6+ Kg7
46. c5 Qc4 47. Qg6+ Kh8 48. Qh6+ Kg8 49. Qe6+ 1-0

[Event "OLNN 1819 SG Turm Kiel II - SK Marmstor"]
[Site "?"]
[Date "2018.11.25"]
[Round "3.7"]
[White "Peschke, Matthias"]
[Black "Budzyn, Matthias"]
[Result "1/2-1/2"]
[WhiteElo "1987"]
[BlackElo "2132"]
[PlyCount "129"]
[EventDate "2018.??.??"]

1. c4 g6 2. g3 Nf6 3. Bg2 d5 4. cxd5 Nxd5 5. Nc3 Nb6 6. Nf3 Bg7 7. O-O Nc6 8.
d3 O-O 9. Be3 e5 10. Qd2 Nd4 11. Bh6 Nxf3+ 12. Bxf3 c6 13. Rac1 Be6 14. Bxg7
Kxg7 15. b4 Nc4 16. Qc2 Nd6 17. Qb2 Nf5 18. Na4 Nd4 19. Bg2 Kg8 20. Nc5 Bg4 21.
Rfe1 Qe7 22. h3 Bc8 23. e3 Nf5 24. d4 exd4 25. exd4 Qf6 26. Rcd1 Nd6 27. Qc1
Be6 28. d5 cxd5 29. g4 Rac8 30. Qe3 Rfe8 31. Qg3 Ne4 32. Bxe4 dxe4 33. Nxe4 Qg7
34. g5 h5 35. Nf6+ Kh8 36. Nxe8 Rxe8 37. Qc7 Rc8 38. Rd8+ Rxd8 39. Qxd8+ Kh7
40. a3 Qc3 41. Re3 Qc4 42. Qd3 Qf4 43. Qb5 Bf5 44. Qxb7 Qxg5+ 45. Rg3 Qc1+ 46.
Kh2 Be6 47. Qe4 Qd2 48. Qe3 Qd6 49. Qd3 Qf4 50. Qe3 Qd6 51. h4 Qd8 52. Qf4 Qd1
53. Rg1 Qd3 54. Qg3 Qd2 55. Qe3 Qd6+ 56. f4 a6 57. Rg2 Qd8 58. Kg3 Qd1 59. Qe2
Qb3+ 60. Qf3 Qc4 61. Rd2 Qc1 62. Qe3 Qh1 63. Rh2 Qd1 64. Re2 Qh1 65. Rh2
1/2-1/2

[Event "OLNN 1819 SG Turm Kiel II - SK Marmstor"]
[Site "?"]
[Date "2018.11.25"]
[Round "3.8"]
[White "Luckow, Rolf"]
[Black "Anderberg, Peter"]
[Result "1-0"]
[WhiteElo "2200"]
[BlackElo "2013"]
[PlyCount "99"]
[EventDate "2018.??.??"]

1. b3 d5 2. Bb2 c5 3. e3 a6 4. Nf3 Nc6 5. Be2 d4 6. O-O Nf6 7. exd4 cxd4 8. Re1
g6 9. Bc4 Bg7 10. a4 O-O 11. Na3 Bg4 12. Be2 Nd5 13. h3 d3 14. Qc1 Nf4 15. Bxg7
Kxg7 16. Bd1 Bxf3 17. Bxf3 Nd4 18. Qb2 Kg8 19. Bxb7 Rb8 20. Be4 f5 21. Bxd3 Qd6
22. Bc4+ e6 23. Qc3 Qc6 24. Bxe6+ Qxe6 25. Rxe6 Nde2+ 26. Rxe2 Nxe2+ 27. Kf1
Nxc3 28. dxc3 Rbc8 29. c4 Rcd8 30. Rb1 Rfe8 31. Re1 Rf8 32. Nb1 Rd7 33. Nc3 Rd2
34. Re2 Rfd8 35. Ke1 Rxe2+ 36. Kxe2 Kf7 37. Nd5 Re8+ 38. Kd2 a5 39. c3 Re4 40.
f3 Re5 41. b4 Ke6 42. Kd3 Re1 43. Kd4 Kd6 44. c5+ Kd7 45. b5 Ra1 46. c6+ Kd6
47. c7 Kd7 48. Kc5 Rd1 49. b6 Rb1 50. Ne7 1-0

[Event "OLNN 1819 FC St. Pauli II - SF Schwerin"]
[Site "?"]
[Date "2018.11.25"]
[Round "3.1"]
[White "Horvath, Csaba"]
[Black "Trisic, Aleksandar"]
[Result "1-0"]
[WhiteElo "2507"]
[BlackElo "2297"]
[PlyCount "125"]
[EventDate "2018.??.??"]

1. d4 Nf6 2. Nf3 e6 3. c4 d5 4. g3 Bb4+ 5. Bd2 Bxd2+ 6. Nbxd2 b6 7. Bg2 Bb7 8.
cxd5 exd5 9. Qa4+ Nbd7 10. Ne5 O-O 11. Ndf3 c5 12. O-O a6 13. dxc5 bxc5 14.
Rac1 Re8 15. Nxd7 Nxd7 16. Bh3 Nf6 17. Rxc5 Rxe2 18. Qb4 Ne4 19. Rcc1 Rb8 20.
Nd4 Rd2 21. Rc2 Rxc2 22. Nxc2 Qc7 23. Qa4 Bc6 24. Qd4 Bb5 25. Rc1 Rb6 26. Qxd5
Nf6 27. Qa8+ Rb8 28. Ne1 Qxc1 29. Qxb8+ Be8 30. Qe5 h6 31. Bf1 Bc6 32. Qc3 Qxc3
33. bxc3 Bd5 34. c4 Be6 35. f3 Nd7 36. a3 a5 37. Kf2 Nb6 38. c5 Na4 39. Nd3 Bc4
40. c6 Nb6 41. Ke3 Kf8 42. Kd4 Ba6 43. Kc5 Na4+ 44. Kd6 Nc3 45. c7 Nb5+ 46. Kc6
Nd4+ 47. Kb6 Bc8 48. f4 Nc2 49. a4 Ne3 50. Be2 Nd5+ 51. Kxa5 Nxc7 52. Nb4 Ke7
53. Kb6 Kd6 54. Bf3 Be6 55. a5 Bc4 56. a6 Bxa6 57. Nxa6 Ne6 58. Nb4 Nd4 59. Bg2
f6 60. Nd5 Ne6 61. Ne3 Ke7 62. Nf5+ Kf8 63. Bd5 1-0

[Event "OLNN 1819 FC St. Pauli II - SF Schwerin"]
[Site "?"]
[Date "2018.11.25"]
[Round "3.2"]
[White "Pajeken, Wolfgang"]
[Black "Horvath, Jozsef"]
[Result "0-1"]
[WhiteElo "2261"]
[BlackElo "2494"]
[PlyCount "122"]
[EventDate "2018.??.??"]

1. d4 d6 2. Nf3 g6 3. e4 Nf6 4. Bd3 Bg7 5. O-O O-O 6. Bg5 h6 7. Bh4 c5 8. dxc5
dxc5 9. c3 Nc6 10. Qc2 Nh5 11. Rd1 Qc7 12. Nbd2 Bg4 13. Bg3 Nxg3 14. hxg3 Rab8
15. a4 a6 16. Nc4 b5 17. axb5 axb5 18. Ne3 Bd7 19. Be2 Rfd8 20. Nd2 e6 21. Ra6
c4 22. Raa1 Na5 23. Rab1 Bc6 24. b3 Rxd2 25. Rxd2 Nxb3 26. Rdd1 Nc5 27. Bf3 Na4
28. Rd4 Bxd4 29. cxd4 Kg7 30. d5 exd5 31. exd5 Bd7 32. Qe4 Re8 33. Qd4+ Qe5 34.
Qa7 Qd6 35. Qd4+ Qe5 36. Qa7 Re7 37. Re1 Qd6 38. Qd4+ Qf6 39. Qa7 Qd6 40. Qd4+
Kg8 41. Rb1 Nc5 42. Qh4 Kh7 43. Bg4 Be8 44. Bf3 Nd3 45. Ng4 g5 46. Qh1 c3 47.
Ne3 Rxe3 48. fxe3 c2 49. Be4+ Kg7 50. Rf1 c1=Q 51. Rxc1 Nxc1 52. Kh2 Qe5 53.
Qxc1 Qxe4 54. Qc3+ f6 55. Qc7+ Bf7 56. d6 Kg6 57. Qc3 Bd5 58. Qd2 Kf7 59. d7
Ke7 60. d8=B+ Kxd8 61. Qa5+ Kc8 0-1

[Event "OLNN 1819 FC St. Pauli II - SF Schwerin"]
[Site "?"]
[Date "2018.11.25"]
[Round "3.3"]
[White "Brynell, Stellan"]
[Black "Priebe, Jan"]
[Result "1-0"]
[WhiteElo "2398"]
[BlackElo "2269"]
[PlyCount "77"]
[EventDate "2018.??.??"]

1. d4 Nf6 2. c4 g6 3. g3 Bg7 4. Bg2 O-O 5. Nc3 d6 6. Nf3 Nc6 7. O-O Bf5 8. Ne1
Qd7 9. e4 Bh3 10. Nc2 Bxg2 11. Kxg2 e5 12. d5 Ne7 13. f3 Nh5 14. Be3 f5 15. Qe2
Nf6 16. c5 a6 17. Nb4 Kh8 18. Rac1 fxe4 19. fxe4 Ng4 20. Bg1 Bh6 21. Rxf8+ Rxf8
22. Rf1 Rxf1 23. Qxf1 Kg7 24. Qf3 Nf6 25. Qe2 c6 26. dxc6 Nxc6 27. Nbd5 Ne8 28.
cxd6 Nxd6 29. Bc5 Bg5 30. Bxd6 Qxd6 31. Qg4 Bd2 32. Qc8 Nd8 33. Na4 b5 34. Nc5
a5 35. Qxd8 Qxc5 36. Qf6+ Kh6 37. Ne7 Bg5 38. Ng8+ Kh5 39. Qf3# 1-0

[Event "OLNN 1819 FC St. Pauli II - SF Schwerin"]
[Site "?"]
[Date "2018.11.25"]
[Round "3.4"]
[White "Perez De Miguel, Alvaro"]
[Black "De Jong, Migchiel"]
[Result "1/2-1/2"]
[WhiteElo "2292"]
[BlackElo "2315"]
[PlyCount "109"]
[EventDate "2018.??.??"]

1. d4 e6 2. c4 Bb4+ 3. Bd2 a5 4. Nf3 d6 5. g3 Nc6 6. Nc3 Nf6 7. Bg2 e5 8. a3
Bxc3 9. Bxc3 Qe7 10. O-O O-O 11. Rc1 e4 12. Ne1 d5 13. Nc2 dxc4 14. d5 Ne5 15.
Qd4 Re8 16. Ne3 b5 17. Rfd1 Neg4 18. Nc2 Rd8 19. Ne3 Nxe3 20. Qxe3 Nxd5 21.
Rxd5 Rxd5 22. Bxe4 Bb7 23. Bxh7+ Kf8 24. Bxg7+ Ke8 25. Be4 Ra6 26. Qf4 Qg5 27.
Bc3 Qxf4 28. gxf4 c5 29. Bxd5 Bxd5 30. f3 b4 31. Be1 f5 32. Bf2 Re6 33. Kf1 c3
34. bxc3 Bc4 35. cxb4 Bxe2+ 36. Kg2 cxb4 37. axb4 axb4 38. Bd4 Bd3 39. Be5 Rb6
40. Rc8+ Kd7 41. Rb8 Rxb8 42. Bxb8 b3 43. Be5 Bc4 44. Kg3 Bd5 45. Kh4 Ke6 46.
Kg5 Kf7 47. h4 Bxf3 48. Kxf5 Bd1 49. Kg5 Ke6 50. Bb2 Bc2 51. h5 Bd3 52. Be5 Be4
53. Kh6 Kf5 54. Kg7 b2 55. Bxb2 1/2-1/2

[Event "OLNN 1819 FC St. Pauli II - SF Schwerin"]
[Site "?"]
[Date "2018.11.25"]
[Round "3.5"]
[White "Kesten, Sebastian"]
[Black "Richter, Maik"]
[Result "1/2-1/2"]
[WhiteElo "2295"]
[BlackElo "2205"]
[PlyCount "37"]
[EventDate "2018.??.??"]

1. c4 g6 2. g3 Bg7 3. Bg2 d6 4. Nc3 Nf6 5. d3 O-O 6. Nf3 e5 7. O-O c6 8. Bd2
Re8 9. Qc1 a5 10. Bh6 Bh8 11. Bg5 Nbd7 12. Ne4 Qc7 13. Nfd2 Nxe4 14. Nxe4 f5
15. Nc3 Nc5 16. Rb1 Bg7 17. Bh6 Bf6 18. Bg5 Bg7 19. Bh6 1/2-1/2

[Event "OLNN 1819 FC St. Pauli II - SF Schwerin"]
[Site "?"]
[Date "2018.11.25"]
[Round "3.6"]
[White "Mitscherling, Andreas"]
[Black "Reichmann, Hendrik"]
[Result "1/2-1/2"]
[WhiteElo "2175"]
[BlackElo "2348"]
[PlyCount "62"]
[EventDate "2018.??.??"]

1. d4 g6 2. Bf4 Bg7 3. e3 d6 4. Nf3 Nf6 5. h3 c5 6. c3 Qb6 7. Qb3 Be6 8. Qxb6
axb6 9. a3 Bd5 10. Nbd2 Ne4 11. Nxe4 Bxe4 12. Nd2 Bc6 13. f3 Nd7 14. Bg3 e5 15.
Nc4 Ke7 16. dxe5 d5 17. Nd2 Nxe5 18. Be2 Nd7 19. Bf2 f5 20. O-O Bh6 21. Rad1
Nf6 22. Bd3 Ba4 23. Rde1 Rad8 24. Re2 Rhe8 25. g4 Kf7 26. Rfe1 fxg4 27. hxg4
Bc6 28. Bh4 g5 29. Bf2 Bg7 30. Nf1 c4 31. Bf5 d4 1/2-1/2

[Event "OLNN 1819 FC St. Pauli II - SF Schwerin"]
[Site "?"]
[Date "2018.11.25"]
[Round "3.7"]
[White "Schulz, Karsten"]
[Black "Schuetze, Michael"]
[Result "1/2-1/2"]
[WhiteElo "2247"]
[BlackElo "2187"]
[PlyCount "126"]
[EventDate "2018.??.??"]

1. c4 f5 2. g3 Nf6 3. Bg2 d6 4. Nc3 e5 5. d3 c6 6. e4 Be7 7. Nge2 O-O 8. O-O
Na6 9. f3 Kh8 10. Be3 Nc7 11. exf5 Bxf5 12. d4 Qd7 13. Qd2 Bh3 14. Rad1 Bxg2
15. Kxg2 Qe8 16. Bg5 Qf7 17. b3 exd4 18. Nxd4 d5 19. Bf4 Rac8 20. Nf5 Rfd8 21.
Nxe7 Qxe7 22. Rfe1 Qf8 23. Bxc7 Rxc7 24. cxd5 Nxd5 25. Nxd5 cxd5 26. Re3 Rcd7
27. Qd4 b6 28. Rc1 Qf7 29. Rc6 Kg8 30. Rce6 h6 31. g4 Rf8 32. R6e5 Qf4 33. Qxf4
Rxf4 34. Rd3 d4 35. Kg3 Rf8 36. f4 Rc8 37. Kf3 Rc2 38. Re2 Rc8 39. Re4 Rc2 40.
Rexd4 Rxd4 41. Rxd4 Rxa2 42. h4 Ra3 43. Rd3 a5 44. Ke4 a4 45. bxa4 Rxa4+ 46.
Kf5 Ra8 47. Kg6 Rf8 48. f5 Rf6+ 49. Kh5 b5 50. Rd8+ Rf8 51. Rd7 Rf7 52. Rd6 Rf6
53. Rd5 Rb6 54. Rd8+ Kf7 55. g5 hxg5 56. hxg5 b4 57. f6 Rb7 58. fxg7 Kxg7 59.
Kg4 b3 60. Rd1 b2 61. Rb1 Kg6 62. Kf4 Rb4+ 63. Ke3 Kxg5 1/2-1/2

[Event "OLNN 1819 FC St. Pauli II - SF Schwerin"]
[Site "?"]
[Date "2018.11.25"]
[Round "3.8"]
[White "Grote, Dirk"]
[Black "Wolf, Christoph"]
[Result "0-1"]
[WhiteElo "2094"]
[BlackElo "2202"]
[PlyCount "44"]
[EventDate "2018.??.??"]

1. d4 d5 2. c4 e6 3. Nc3 Bb4 4. cxd5 exd5 5. Bf4 Nf6 6. Nf3 c5 7. g3 Ne4 8. Rc1
Nc6 9. Bg2 Bf5 10. O-O Nxc3 11. bxc3 Ba3 12. Ra1 Bb2 13. Rb1 Bxb1 14. Qxb1 Bxc3
15. Qxb7 Na5 16. Qb5+ Qd7 17. Qxc5 Nc4 18. Ne5 Nxe5 19. Qxc3 Ng6 20. Bh3 Qxh3
21. Qc6+ Qd7 22. Qxa8+ Ke7 0-1

[Event "OLNN 1819 SF Schwerin - SK Marmstorf"]
[Site "?"]
[Date "2018.12.16"]
[Round "4.1"]
[White "Hebbinghaus, Holger"]
[Black "Brynell, Stellan"]
[Result "1/2-1/2"]
[WhiteElo "2288"]
[BlackElo "2401"]
[PlyCount "84"]
[EventDate "2018.??.??"]

1. d4 Nf6 2. Nf3 e6 3. e3 d5 4. c4 c5 5. a3 dxc4 6. Bxc4 a6 7. O-O b5 8. Be2
Bb7 9. dxc5 Qxd1 10. Rxd1 Bxc5 11. b4 Be7 12. Bb2 Nbd7 13. Nbd2 O-O 14. Rac1
Rac8 15. h3 Rfd8 16. Kf1 Kf8 17. g4 h6 18. Ke1 Nb6 19. Bd4 Nfd7 20. Ne5 Nxe5
21. Bxe5 Rxc1 22. Rxc1 Rc8 23. Rxc8+ Nxc8 24. f3 f6 25. Ba1 e5 26. Bd3 Nd6 27.
Ke2 Bd5 28. h4 Bd8 29. h5 Bb6 30. Bb2 Ke7 31. Bc1 Kd7 32. Ne4 Nxe4 33. Bxe4
Bxe4 34. fxe4 Ke6 35. Kf3 Kf7 36. Bd2 Bc7 37. Kg3 Bd6 38. Kf3 g6 39. Bc1 Bc7
40. Bd2 Bd8 41. Bc1 Kg7 42. Bd2 Be7 1/2-1/2

[Event "OLNN 1819 SF Schwerin - SK Marmstorf"]
[Site "?"]
[Date "2018.12.16"]
[Round "4.2"]
[White "Seres, Lajos"]
[Black "Hawellek, Jeronimo"]
[Result "1-0"]
[WhiteElo "2430"]
[BlackElo "2286"]
[PlyCount "121"]
[EventDate "2018.??.??"]

1. d4 f5 2. Nf3 e6 3. c4 Nf6 4. g3 d6 5. Bg2 Be7 6. O-O O-O 7. Nc3 Ne4 8. Nxe4
fxe4 9. Ne1 d5 10. Be3 Nc6 11. Rc1 Na5 12. b3 b6 13. cxd5 exd5 14. Qd2 Bf5 15.
f3 Ba3 16. Rd1 Qe7 17. Bg5 Qe6 18. Bf4 c6 19. Nc2 Bd6 20. Bxd6 Qxd6 21. Ne3 Bg6
22. Ng4 Rad8 23. Ne5 Bf5 24. Qe3 Rc8 25. fxe4 Bxe4 26. Bxe4 dxe4 27. b4 Nb7 28.
Qb3+ Qd5 29. Nxc6 Qxb3 30. Ne7+ Kh8 31. axb3 Rxf1+ 32. Rxf1 Re8 33. Rc1 Nd6 34.
Rc7 Nb5 35. Rd7 h6 36. Kf2 Nxd4 37. Rxd4 Rxe7 38. Ke3 Rc7 39. Rc4 Rd7 40. Rxe4
Rd1 41. Kf4 Kg8 42. Ke5 Rd2 43. Ke6 Rb2 44. Re3 Rd2 45. Ke5 Kf7 46. b5 g5 47.
h3 Kg6 48. g4 h5 49. b4 Rb2 50. gxh5+ Kxh5 51. Re4 Rd2 52. Kf6 Rd6+ 53. Re6 Rd4
54. e4 Rxb4 55. Re8 Kh4 56. Rh8+ Kg3 57. e5 g4 58. hxg4 Rf4+ 59. Ke7 Rxg4 60.
e6 Kf4 61. Kf6 1-0

[Event "OLNN 1819 SF Schwerin - SK Marmstorf"]
[Site "?"]
[Date "2018.12.16"]
[Round "4.3"]
[White "Ramme, Christoph"]
[Black "De Jong, Migchiel"]
[Result "1/2-1/2"]
[WhiteElo "2152"]
[BlackElo "2323"]
[PlyCount "96"]
[EventDate "2018.??.??"]

1. d4 e6 2. Nf3 c5 3. c4 cxd4 4. Nxd4 Nf6 5. Nc3 Bb4 6. Qd3 O-O 7. g3 d5 8. Nc2
Nc6 9. cxd5 Qxd5 10. Qxd5 Nxd5 11. Nxb4 Ncxb4 12. Nxd5 exd5 13. Kd1 Bf5 14. Bd2
a5 15. Bg2 Bc2+ 16. Ke1 Bb3 17. Bxb4 axb4 18. Kd2 Bxa2 19. Rhc1 Bc4 20. Rxa8
Rxa8 21. e4 Ra2 22. Kc2 d4 23. Kb1 Be6 24. Rd1 Ra8 25. Rxd4 b3 26. Bf3 g5 27.
Bd1 b5 28. Rb4 Rd8 29. Bxb3 Rd2 30. Bxe6 fxe6 31. Rxb5 h6 32. f4 gxf4 33. gxf4
Rxh2 34. Rb7 Re2 35. e5 Re4 36. Re7 Rxf4 37. Rxe6 Kg7 38. Kc2 h5 39. Re7+ Rf7
40. Rxf7+ Kxf7 41. Kd3 h4 42. Ke4 h3 43. Kf3 Ke6 44. Kg3 Kxe5 45. Kxh3 Kd4 46.
Kg3 Kc4 47. Kf3 Kb3 48. Ke3 Kxb2 1/2-1/2

[Event "OLNN 1819 SF Schwerin - SK Marmstorf"]
[Site "?"]
[Date "2018.12.16"]
[Round "4.4"]
[White "Kesten, Sebastian"]
[Black "Mueller, Jan-Hendrik"]
[Result "1-0"]
[WhiteElo "2290"]
[BlackElo "2130"]
[PlyCount "131"]
[EventDate "2018.??.??"]

1. c4 Nf6 2. g3 e6 3. Bg2 d5 4. Nf3 Be7 5. O-O O-O 6. b3 b6 7. Bb2 c5 8. e3 Ba6
9. d3 Nc6 10. Qe2 Qc7 11. Nc3 Rac8 12. Rfd1 Rfd8 13. Rac1 Qb8 14. h3 e5 15. Ne1
d4 16. Nd5 Nxd5 17. cxd5 Nb4 18. exd4 cxd4 19. Rxc8 Bxc8 20. Bxd4 Bf6 21. Ba1
Ba6 22. Qg4 Nxd5 23. d4 exd4 24. Bxd4 Bc8 25. Qf3 Be6 26. Nc2 Qc8 27. Bxf6 Nxf6
28. Ne3 Rxd1+ 29. Qxd1 Qc7 30. Kh2 h6 31. Qd4 a5 32. Bf1 Nd7 33. f4 Qc5 34.
Qxc5 Nxc5 35. Bc4 Bxc4 36. Nxc4 Nd7 37. Kg2 Kf8 38. Kf3 Ke7 39. Ke4 a4 40. bxa4
Nc5+ 41. Kd5 Nxa4 42. a3 Nc3+ 43. Kc6 Ne2 44. Nxb6 Nxg3 45. a4 Nf5 46. a5 Nd4+
47. Kd5 Ne6 48. f5 Nc7+ 49. Kc6 Kd8 50. Nd5 Na6 51. Kd6 g5 52. Ke5 h5 53. Kf6
g4 54. h4 g3 55. Ne3 Ke8 56. Kg5 Nc7 57. Kxh5 Nd5 58. a6 Kd7 59. a7 Nb6 60. Kg4
Kc8 61. Kxg3 Kb7 62. Kf4 Nd7 63. Kg5 Kxa7 64. h5 Kb7 65. h6 Nf8 66. Kf6 1-0

[Event "OLNN 1819 SF Schwerin - SK Marmstorf"]
[Site "?"]
[Date "2018.12.16"]
[Round "4.5"]
[White "Hohlbein, Michael"]
[Black "Reichmann, Hendrik"]
[Result "0-1"]
[WhiteElo "2122"]
[BlackElo "2346"]
[PlyCount "72"]
[EventDate "2018.??.??"]

1. e4 g6 2. d4 Bg7 3. Nf3 d6 4. Bc4 Nc6 5. c3 Nf6 6. Qe2 Bg4 7. Nbd2 e5 8. h3
Bd7 9. O-O O-O 10. dxe5 Nxe5 11. Nxe5 dxe5 12. Nf3 Qe7 13. Bg5 h6 14. Bxf6 Bxf6
15. Rad1 Kg7 16. Rd2 Rad8 17. Rfd1 Bc8 18. Qe3 b6 19. Bd5 Rd6 20. Nxe5 Bxe5 21.
f4 Rxd5 22. Rxd5 Bd6 23. b4 Qh4 24. e5 Be7 25. Rf1 a5 26. a3 axb4 27. axb4 c5
28. b5 Be6 29. Rdd1 Bc4 30. Rf2 Bxb5 31. g3 Qxh3 32. f5 Bg5 33. f6+ Kg8 34. Qf3
Qe6 35. Rb2 Bc6 36. Qe2 Qh3 0-1

[Event "OLNN 1819 SF Schwerin - SK Marmstorf"]
[Site "?"]
[Date "2018.12.16"]
[Round "4.6"]
[White "Rittemann, Steffen"]
[Black "Diekmann, Jens"]
[Result "1/2-1/2"]
[WhiteElo "2163"]
[BlackElo "2030"]
[PlyCount "40"]
[EventDate "2018.??.??"]

1. e4 c5 2. Nf3 Nc6 3. c3 d5 4. exd5 Qxd5 5. d4 cxd4 6. cxd4 e5 7. Nc3 Bb4 8.
Bd2 Bxc3 9. Bxc3 e4 10. Ne5 Nxe5 11. dxe5 Ne7 12. Qe2 O-O 13. Rd1 Qc6 14. Rd6
Qa4 15. b3 Qa3 16. Qd2 a5 17. Bc4 Nf5 18. O-O Qc5 19. Rd5 Qc6 20. Re1 Be6
1/2-1/2

[Event "OLNN 1819 SF Schwerin - SK Marmstorf"]
[Site "?"]
[Date "2018.12.16"]
[Round "4.7"]
[White "Peschke, Matthias"]
[Black "Heinsohn, Wilfried"]
[Result "1-0"]
[WhiteElo "1986"]
[BlackElo "2164"]
[PlyCount "93"]
[EventDate "2018.??.??"]

1. c4 Nf6 2. g3 g6 3. Bg2 Bg7 4. Nc3 O-O 5. e4 d6 6. Nge2 c5 7. O-O Nc6 8. d3
Bd7 9. h3 Qc8 10. Kh2 Rb8 11. Be3 a6 12. Qd2 b5 13. f4 Ne8 14. cxb5 axb5 15. d4
b4 16. Nd1 cxd4 17. Nxd4 Qa6 18. b3 Nc7 19. Rc1 Nxd4 20. Bxd4 Bxd4 21. Qxd4 Ne6
22. Qd2 Bb5 23. Ne3 Bxf1 24. Rxf1 Nc5 25. Nc4 Qc6 26. Qd4 Rfd8 27. f5 f6 28.
fxg6 hxg6 29. Qe3 Qe8 30. Rf4 Ne6 31. Rf2 Kg7 32. Qd2 Qb5 33. Ne3 Qe5 34. Ng4
Qg5 35. Qd1 Rbc8 36. h4 Rh8 37. Bh3 Rc3 38. hxg5 Nxg5 39. Qf1 Nxe4 40. Re2 d5
41. Ne3 e6 42. Rc2 d4 43. Rxc3 bxc3 44. Qf4 Nd2 45. Qc7+ Kg8 46. Kg2 f5 47.
Qd8+ 1-0

[Event "OLNN 1819 SF Schwerin - SK Marmstorf"]
[Site "?"]
[Date "2018.12.16"]
[Round "4.8"]
[White "Weyrich, Morten"]
[Black "Schmidt-Brauns, Rainer"]
[Result "1-0"]
[WhiteElo "2278"]
[BlackElo "2003"]
[PlyCount "89"]
[EventDate "2018.??.??"]

1. c4 e5 2. b3 Nc6 3. Bb2 Nf6 4. g3 d6 5. Bg2 g6 6. Nf3 Bg7 7. O-O O-O 8. d4
exd4 9. Nxd4 Bd7 10. Nc3 Nxd4 11. Qxd4 Bc6 12. Nd5 Ne8 13. Qd2 Nf6 14. Rac1 Re8
15. Rfe1 Rc8 16. e4 Bxd5 17. cxd5 c5 18. dxc6 bxc6 19. Rcd1 d5 20. exd5 Rxe1+
21. Qxe1 cxd5 22. Bxd5 Nxd5 23. Bxg7 Kxg7 24. Qe5+ Kg8 25. Qxd5 Qc7 26. Rd4 Qc2
27. Rf4 Rc7 28. Kg2 Kg7 29. Qe5+ Kg8 30. h4 h5 31. Rd4 Qc6+ 32. Kh2 Rc8 33. Rd6
Qc2 34. Rf6 Rc7 35. Qd5 Kg7 36. Qd4 Kg8 37. Ra6 Qc1 38. Rxa7 Rxa7 39. Qxa7 Qb2
40. Kg2 Kf8 41. Qb8+ Kg7 42. a4 Qd2 43. Qb6 g5 44. Qe3 Qd5+ 45. Qf3 1-0

[Event "OLNN 1819 SC Königsspringer HH - Preet"]
[Site "?"]
[Date "2018.12.16"]
[Round "4.1"]
[White "Ochsner, Bjorn Moller"]
[Black "Pfreundt, Jakob"]
[Result "0-1"]
[WhiteElo "2457"]
[BlackElo "2373"]
[PlyCount "108"]
[EventDate "2018.??.??"]

1. e4 e5 2. Nf3 Nc6 3. Bb5 Nf6 4. d3 Bc5 5. Nc3 d6 6. Na4 Bb6 7. c3 h6 8. h3
Bd7 9. Nxb6 axb6 10. Ba4 Ne7 11. Bc2 Ng6 12. O-O O-O 13. Re1 Re8 14. d4 Bc6 15.
d5 Bd7 16. Be3 Nh7 17. Kh2 Rf8 18. Ng1 f5 19. exf5 Bxf5 20. Bxf5 Rxf5 21. Qg4
Ne7 22. c4 h5 23. Qd1 Qd7 24. Ne2 h4 25. Nc3 Nf6 26. a4 Ng6 27. b4 Nf4 28. a5
bxa5 29. Rxa5 Rf8 30. Ra7 e4 31. Bxf4 Rxf4 32. Qd4 Qf5 33. Nd1 Rb8 34. Ne3 Qg5
35. Qb2 Kh7 36. Kg1 Rf3 37. Kh1 Rf4 38. Kg1 Rf3 39. Kh1 Rf4 40. Rea1 Nd7 41.
Ng4 Nf6 42. Ne3 Rf8 43. Qc2 Nh5 44. Ng4 Nf6 45. Ne3 Nh5 46. Ng4 R8f5 47. Rxb7
Nf6 48. Nxf6+ Qxf6 49. Re1 Qd4 50. Rxc7 Rxf2 51. Qd1 Qxd1 52. Rxd1 e3 53. Kh2
e2 54. Re1 Rg5 0-1

[Event "OLNN 1819 SC Königsspringer HH - Preet"]
[Site "?"]
[Date "2018.12.16"]
[Round "4.2"]
[White "Lamprecht, Frank"]
[Black "Bjerre, Jonas Buhl"]
[Result "0-1"]
[WhiteElo "2386"]
[BlackElo "2421"]
[PlyCount "84"]
[EventDate "2018.??.??"]

1. d4 Nf6 2. Nf3 d5 3. Bf4 e6 4. e3 Bd6 5. Bg3 O-O 6. Bd3 b6 7. Ne5 c5 8. c3
Bb7 9. Bh4 Nc6 10. f4 Be7 11. Nd2 Ne4 12. Bxe7 Nxe7 13. O-O f6 14. Nef3 Nf5 15.
Qe2 Nfd6 16. Ba6 Bc6 17. Bd3 b5 18. dxc5 Nxc5 19. Nd4 Nxd3 20. Qxd3 Qe8 21.
Rae1 Bb7 22. f5 e5 23. Ne6 Rf7 24. Nb3 a5 25. Nbc5 Bc6 26. g4 b4 27. Rf2 Rb8
28. h3 Nb7 29. cxb4 axb4 30. Nxb7 Bxb7 31. Rc1 Rc8 32. Rxc8 Qxc8 33. Rc2 Qa8
34. Qb5 h5 35. b3 d4 36. exd4 exd4 37. Rd2 Qb8 38. Rd3 Kh7 39. Qb6 Qe5 40. Qxd4
Qe1+ 41. Kh2 h4 42. g5 Qh1# 0-1

[Event "OLNN 1819 SC Königsspringer HH - Preet"]
[Site "?"]
[Date "2018.12.16"]
[Round "4.3"]
[White "Schwarz, Frank"]
[Black "Zimmermann, Julian"]
[Result "1/2-1/2"]
[WhiteElo "2212"]
[BlackElo "2310"]
[PlyCount "34"]
[EventDate "2018.??.??"]

1. c4 e5 2. g3 Nf6 3. Bg2 c6 4. Nf3 e4 5. Nd4 Bc5 6. Nc2 O-O 7. Nc3 Re8 8. O-O
d5 9. d3 exd3 10. Qxd3 dxc4 11. Qxc4 Nbd7 12. Bf4 Qe7 13. b4 Bb6 14. b5 cxb5
15. Qxb5 Nc5 16. Bg5 Be6 17. Ne3 Ncd7 1/2-1/2

[Event "OLNN 1819 SC Königsspringer HH - Preet"]
[Site "?"]
[Date "2018.12.16"]
[Round "4.4"]
[White "Rosmann, Ilja"]
[Black "Reinecker, Kai"]
[Result "1-0"]
[WhiteElo "2295"]
[BlackElo "2262"]
[PlyCount "59"]
[EventDate "2018.??.??"]

1. e4 e5 2. Nf3 Nf6 3. Nxe5 d6 4. Nf3 Nxe4 5. d3 Nf6 6. d4 d5 7. c4 Nc6 8. c5
Bg4 9. Be2 Be7 10. Bf4 O-O 11. Nbd2 Nh5 12. Be3 f5 13. h3 Bxf3 14. Nxf3 f4 15.
Bd2 g6 16. Bb5 Nxd4 17. Nxd4 Bxc5 18. Bc3 f3 19. Nxf3 c6 20. Be2 Qb6 21. O-O
Ng3 22. b4 Bxf2+ 23. Rxf2 Ne4 24. Qd4 Qxd4 25. Bxd4 Nxf2 26. Bxf2 Rfe8 27. Bd3
b6 28. Rc1 Rac8 29. Ba6 Rc7 30. Bg3 1-0